[Event "Agneaux St Lo op 15th"]
[Site "Agneaux"]
[Date "2013.07.11"]
[Round "6"]
[White "Dillenschneider, Ernesto"]
[Black "Fayad, Erwan"]
[Result "1/2-1/2"]
[WhiteElo "1724"]
[BlackElo "1938"]
[PlyCount "65"]
[EventDate "2013.07.07"]
[EventType "swiss"]
[EventRounds "9"]
[EventCountry "FRA"]
[SourceTitle "EXT 2014"]
[Source "ChessBase"]
[SourceDate "2013.11.20"]
[SourceVersion "1"]
[SourceVersionDate "2013.11.20"]
[SourceQuality "1"]

1. d4 d5 2. Bf4 Nf6 3. e3 e6 4. Bd3 Bd6 5. Bg3 Qe7 6. Nd2 Nbd7 7. f4 b6 8. Ngf3 Bb7 9. c3 0-0 10. Bh4 Qe8 11. Ne5 Ne4 12. Qf3 f5 13. g4 c5 14. Rg1 c4 15. Bc2 Kh8 16. Qg2 Bxe5 17. fxe5 Rf7 18. gxf5 exf5 19. Nxe4 dxe4 20. 0-0-0 Bd5 21. Rdf1 Qe6 22. Bd1 Nf8 23. Bh5 g6 24. Bf6+ Rxf6 25. exf6 Qxf6 26. Bd1 Ne6 27. Qg3 Rd8 28. Bc2 Kg7 29. Rg2 h6 30. h4 g5 31. Rfg1 Rf8 32. Qd6 Rd8 33. Qg3 1/2-1/2

[Event "Paris-ch op-B 87th"]
[Site "Paris"]
[Date "2012.07.10"]
[Round "4"]
[White "Marin, Emmanuel"]
[Black "Fayad, Erwan"]
[Result "0-1"]
[WhiteElo "1838"]
[BlackElo "1894"]
[PlyCount "60"]
[EventDate "2012.07.07"]
[EventType "swiss"]
[EventRounds "9"]
[EventCountry "FRA"]
[SourceTitle "EXT 2013"]
[Source "ChessBase"]
[SourceDate "2012.11.22"]
[SourceVersion "1"]
[SourceVersionDate "2012.11.22"]
[SourceQuality "1"]

1. e4 c5 2. d4 cxd4 3. c3 Nf6 4. e5 Nd5 5. Bc4 Nb6 6. Bb3 d5 7. exd6 Qxd6 8. Qxd4 Qxd4 9. cxd4 Nc6 10. Ne2 Bf5 11. Nbc3 e6 12. d5 exd5 13. Nxd5 Nxd5 14. Bxd5 Nb4 15. Bb3 Nd3+ 16. Kd2 Bb4+ 17. Ke3 0-0 18. Kf3 h5 19. h3 Rfe8 20. Be3 Be4+ 21. Kg3 Bd6+ 22. Kh4 Bxg2 23. Rhg1 Re4+ 24. f4 Be7+ 25. Kg3 Rxe3+ 26. Kxg2 Rxe2+ 27. Kf3 Rf2+ 28. Ke3 Rd8 29. Rad1 Bc5+ 30. Ke4 Rxf4# 0-1